[Event "Heraklion op 28th"]
[Site "Heraklion"]
[Date "2020.01.10"]
[Round "9"]
[White "Nyktaris, Minas"]
[Black "Vlatas, Dimitrios"]
[Result "0-1"]
[WhiteElo "1034"]
[BlackElo "1441"]
[PlyCount "100"]
[EventDate "2020.01.03"]
[EventType "swiss"]
[EventRounds "9"]
[EventCountry "GRE"]
[SourceTitle "CBM 194 Extra"]
[Source "ChessBase"]
[SourceDate "2020.03.31"]
[SourceVersion "1"]
[SourceVersionDate "2020.03.31"]
[SourceQuality "1"]

1. d4 Nf6 2. c4 g6 3. Nf3 Bg7 4. e3 d6 5. Be2 0-0 6. 0-0 c5 7. d5 e6 8. Nc3 e5 9. Qc2 Ne8 10. e4 f5 11. exf5 Bxf5 12. Qb3 Qc8 13. Bg5 h6 14. Be3 Nd7 15. Nh4 Nb6 16. f3 Qd8 17. Nxf5 gxf5 18. f4 e4 19. Rfd1 Kh7 20. a4 Rb8 21. a5 Nd7 22. Qa3 Nc7 23. b4 Na6 24. b5 Nb4 25. Rac1 Rg8 26. Nb1 Qh4 27. g3 Bh8 28. Kh1 Rxg3 29. Bf2 Rxa3 30. Bxh4 Bf6 31. Nxa3 Bxh4 32. Rd2 Bf2 33. Rb2 Be3 34. Rf1 Bd4 35. Rb3 e3 36. Rc1 Na2 37. Rd1 Nc3 38. Re1 Nf6 39. Bf3 Rg8 40. Nb1 Nfe4 41. Bxe4 Nxe4 42. h3 Rg3 43. Kh2 Rf3 44. Re2 Rxf4 45. Kg1 Rf3 46. Kg2 Rg3+ 47. Kh2 f4 48. Rd3 f3 49. Re1 Rg2+ 50. Kh1 Ng3# 0-1

[Event "Heraklion op 28th"]
[Site "Heraklion"]
[Date "2020.01.05"]
[Round "4"]
[White "Klokas, Konstantinos"]
[Black "Vlatas, Dimitrios"]
[Result "1-0"]
[WhiteElo "2087"]
[BlackElo "1441"]
[PlyCount "39"]
[EventDate "2020.01.03"]
[EventType "swiss"]
[EventRounds "9"]
[EventCountry "GRE"]
[SourceTitle "CBM 194 Extra"]
[Source "ChessBase"]
[SourceDate "2020.03.31"]
[SourceVersion "1"]
[SourceVersionDate "2020.03.31"]
[SourceQuality "1"]

1. e4 Nf6 2. e5 Nd5 3. d4 d6 4. f4 dxe5 5. fxe5 Bf5 6. c3 e6 7. Nf3 c5 8. Bg5 Qb6 9. Qb3 Qxb3 10. axb3 cxd4 11. Nxd4 a6 12. Bb5+ Nd7 13. Nxf5 exf5 14. Ra5 N5b6 15. Bd3 Be7 16. Bxe7 Kxe7 17. Bxf5 Rhe8 18. 0-0 Kf8 19. e6 fxe6 20. Bg6+ 1-0

[Event "Heraklion op 28th"]
[Site "Heraklion"]
[Date "2020.01.04"]
[Round "3"]
[White "Vlatas, Dimitrios"]
[Black "Mamoulakis, Eleftherios"]
[Result "0-1"]
[WhiteElo "1441"]
[BlackElo "2022"]
[PlyCount "58"]
[EventDate "2020.01.03"]
[EventType "swiss"]
[EventRounds "9"]
[EventCountry "GRE"]
[SourceTitle "CBM 194 Extra"]
[Source "ChessBase"]
[SourceDate "2020.03.31"]
[SourceVersion "1"]
[SourceVersionDate "2020.03.31"]
[SourceQuality "1"]

1. e4 c5 2. Nc3 Nc6 3. g3 g6 4. Bg2 Bg7 5. d3 e6 6. Be3 d6 7. Nh3 Nge7 8. Qd2 Nd4 9. 0-0 0-0 10. Bh6 f5 11. Bxg7 Kxg7 12. f4 Rb8 13. Nd1 b6 14. c3 Ndc6 15. Ndf2 d5 16. e5 Ba6 17. g4 b5 18. b3 b4 19. gxf5 gxf5 20. Qe2 bxc3 21. Ng5 Nd4 22. Qh5 h6 23. Nf3 Ne2+ 24. Kh1 Nxf4 25. Qh4 Neg6 26. Qg3 Nh5 27. Qh3 Ngf4 28. Qh4 Qxh4 29. Nxh4 Nxg2 0-1

[Event "Heraklion op 27th"]
[Site "Heraklion"]
[Date "2019.09.08"]
[Round "7"]
[White "Vlatas, Dimitrios"]
[Black "Burnett, Leon P"]
[Result "1/2-1/2"]
[WhiteElo "1393"]
[BlackElo "1849"]
[PlyCount "60"]
[EventDate "2019.09.03"]
[EventType "swiss"]
[EventRounds "9"]
[EventCountry "GRE"]
[SourceTitle "EXT 2020"]
[Source "ChessBase"]
[SourceDate "2019.10.17"]
[SourceVersion "1"]
[SourceVersionDate "2019.10.17"]
[SourceQuality "1"]

1. e4 c5 2. Nc3 Nc6 3. f4 g6 4. Nf3 Bg7 5. Bc4 e6 6. 0-0 Nge7 7. Qe1 0-0 8. d3 a6 9. a3 b6 10. Qh4 Nd4 11. Nxd4 cxd4 12. Ne2 d5 13. Bb3 dxe4 14. dxe4 Nc6 15. Qg3 Na5 16. Ba2 Qc7 17. Qd3 Rd8 18. Ng3 Bd7 19. Rf2 Bb5 20. Qd1 Nc4 21. Bxc4 Qxc4 22. b3 Qc5 23. Bb2 e5 24. f5 f6 25. b4 Qe7 26. Qg4 Be8 27. h4 Rac8 28. fxg6 hxg6 29. Rd1 Qd7 30. Qf3 Rc6 1/2-1/2

[Event "Heraklion op 24th"]
[Site "Heraklion"]
[Date "2018.09.10"]
[Round "9"]
[White "Koutsourakis, Ioannis"]
[Black "Vlatas, Dimitrios"]
[Result "1-0"]
[WhiteElo "1657"]
[BlackElo "1146"]
[PlyCount "51"]
[EventDate "2018.09.03"]
[EventType "swiss"]
[EventRounds "9"]
[EventCountry "GRE"]
[SourceTitle "CBM 186 Extra"]
[Source "ChessBase"]
[SourceDate "2018.08.24"]
[SourceVersion "1"]
[SourceVersionDate "2018.08.24"]
[SourceQuality "1"]

1. d4 d5 2. c4 e6 3. Nc3 Nf6 4. cxd5 exd5 5. Bg5 Be7 6. e3 0-0 7. Bd3 h6 8. Bh4 b6 9. Nf3 Bb7 10. 0-0 Nbd7 11. Qb3 Re8 12. Rac1 Rc8 13. Qa4 a5 14. Bf5 c6 15. Ne5 b5 16. Qc2 g5 17. Bg3 Ra8 18. Nxd7 Nxd7 19. f4 Bd6 20. Qf2 Bc8 21. Bxd7 Bxd7 22. fxg5 Bxg3 23. Qxf7+ Kh8 24. g6 Bxh2+ 25. Kxh2 Rg8 26. Qh7# 1-0

[Event "Heraklion op 24th"]
[Site "Heraklion"]
[Date "2018.09.03"]
[Round "1"]
[White "Vlatas, Dimitrios"]
[Black "Burnett, Leon P"]
[Result "0-1"]
[WhiteElo "1146"]
[BlackElo "1881"]
[PlyCount "74"]
[EventDate "2018.09.03"]
[EventType "swiss"]
[EventRounds "9"]
[EventCountry "GRE"]
[SourceTitle "CBM 186 Extra"]
[Source "ChessBase"]
[SourceDate "2018.08.24"]
[SourceVersion "1"]
[SourceVersionDate "2018.08.24"]
[SourceQuality "1"]

1. Nf3 c5 2. g3 g6 3. Bg2 Bg7 4. d3 Nc6 5. Nbd2 e5 6. e4 Nge7 7. 0-0 0-0 8. Re1 d6 9. Nf1 f5 10. exf5 Nxf5 11. Ne3 Be6 12. Nxf5 Bxf5 13. Bg5 Qd7 14. Qd2 Bg4 15. Nh4 Rae8 16. Bh6 Nd4 17. Bd5+ Be6 18. Bg2 Bxh6 19. Qxh6 Nxc2 20. Be4 Qg7 21. Qg5 Nxa1 22. Rxa1 Qf6 23. Qe3 g5 24. Nf3 d5 25. Bxh7+ Kxh7 26. Nxg5+ Kg7 27. h4 b6 28. Rf1 Bf5 29. Qf3 e4 30. dxe4 Bxe4 31. Qh5 Rh8 32. Qg4 Qg6 33. Qd7+ Kf8 34. Qc7 Qxg5 35. Qd6+ Kg8 36. Qd7 Qe7 37. Qg4+ Qg7 0-1